000 00614nam a2200253Ia 4500
003 OSt
005 20221007101327.0
006 a|||||r|||| 00| 0
007 ta
008 221006b |||||||| |||| 00| 0 eng d
024 _a6,259
037 _cTextual
040 _aLCO
_cLCO
_beng
041 _2eng
_aeng
082 _aV1:2, L2
100 _aMAHAJAN V D
245 0 _aSelect Modern Government.
250 _a10
260 _aNew
_bDelhi S. Chand & co.
_c1972
300 _a330
650 _aGOVERNMENT
_9702413
942 _hV1:2, L2
_cTEXL
999 _c1175822
_d1175822